<?xml version="1.0" encoding="UTF-8"?>
<record
    xmlns:xsi="http://www.w3.org/2001/XMLSchema-instance"
    xsi:schemaLocation="http://www.loc.gov/MARC21/slim http://www.loc.gov/standards/marcxml/schema/MARC21slim.xsd"
    xmlns="http://www.loc.gov/MARC21/slim">

  <leader>02129cam a2200337 i 4500</leader>
  <datafield tag="999" ind1=" " ind2=" ">
    <subfield code="c">9554</subfield>
    <subfield code="d">9554</subfield>
  </datafield>
  <controlfield tag="001">19766812</controlfield>
  <controlfield tag="003">GBCCL</controlfield>
  <controlfield tag="005">20241126110714.0</controlfield>
  <controlfield tag="008">170702s2018    ilu           001 0deng  </controlfield>
  <datafield tag="010" ind1=" " ind2=" ">
    <subfield code="a">  2017031557</subfield>
  </datafield>
  <datafield tag="020" ind1=" " ind2=" ">
    <subfield code="a">9781433557866 (hc)</subfield>
  </datafield>
  <datafield tag="040" ind1=" " ind2=" ">
    <subfield code="a">DLC</subfield>
    <subfield code="b">eng</subfield>
    <subfield code="c">DLC</subfield>
    <subfield code="e">rda</subfield>
    <subfield code="d">DLC</subfield>
  </datafield>
  <datafield tag="042" ind1=" " ind2=" ">
    <subfield code="a">pcc</subfield>
  </datafield>
  <datafield tag="050" ind1="0" ind2="0">
    <subfield code="a">BV4647.H67</subfield>
    <subfield code="b">B88 2018</subfield>
  </datafield>
  <datafield tag="082" ind1="0" ind2="0">
    <subfield code="a">241.671</subfield>
    <subfield code="2">23</subfield>
    <subfield code="b">BUT</subfield>
  </datafield>
  <datafield tag="100" ind1="1" ind2=" ">
    <subfield code="a">Butterfield, Rosaria Champagne,</subfield>
    <subfield code="d">1962-</subfield>
    <subfield code="e">author.</subfield>
    <subfield code="9">16620</subfield>
  </datafield>
  <datafield tag="245" ind1="1" ind2="4">
    <subfield code="a">The Gospel comes with a house key :</subfield>
    <subfield code="b">practicing radically ordinary hospitality in our post-Christian world /</subfield>
    <subfield code="c">Rosaria Champagne Butterfield.</subfield>
  </datafield>
  <datafield tag="264" ind1=" " ind2="1">
    <subfield code="a">Wheaton :</subfield>
    <subfield code="b">Crossway,</subfield>
    <subfield code="c">[2018]</subfield>
  </datafield>
  <datafield tag="300" ind1=" " ind2=" ">
    <subfield code="a">240 pages ;</subfield>
    <subfield code="c">23 cm</subfield>
  </datafield>
  <datafield tag="336" ind1=" " ind2=" ">
    <subfield code="a">text</subfield>
    <subfield code="b">txt</subfield>
    <subfield code="2">rdacontent</subfield>
  </datafield>
  <datafield tag="337" ind1=" " ind2=" ">
    <subfield code="a">unmediated</subfield>
    <subfield code="b">n</subfield>
    <subfield code="2">rdamedia</subfield>
  </datafield>
  <datafield tag="338" ind1=" " ind2=" ">
    <subfield code="a">volume</subfield>
    <subfield code="b">nc</subfield>
    <subfield code="2">rdacarrier</subfield>
  </datafield>
  <datafield tag="500" ind1=" " ind2=" ">
    <subfield code="a">Includes index.</subfield>
  </datafield>
  <datafield tag="505" ind1="0" ind2=" ">
    <subfield code="a">Radically ordinary hospitality -- Priceless: the merit of hospitality -- The Jesus paradox: the vitality of hospitality -- Our post Christian world: the kindness of hospitality -- God never gets the address wrong: the providence of hospitality -- The Gospel comes with a house key: the seal of hospitality -- Judas in the church: the borderland of hospitality -- Giving up the ghosts: the lamentation of hospitality -- The daily grind: the basics of hospitality -- Blessed are the merciful: the hope of hospitality -- Walking the Emmaus Road: the future of hospitality -- Feeding the 5000: the nuts and bolts and beans and rice.</subfield>
  </datafield>
  <datafield tag="650" ind1=" " ind2="0">
    <subfield code="a">Hospitality</subfield>
    <subfield code="x">Religious aspects</subfield>
    <subfield code="x">Christianity.</subfield>
    <subfield code="9">16621</subfield>
  </datafield>
  <datafield tag="650" ind1=" " ind2="0">
    <subfield code="a">Strangers</subfield>
    <subfield code="x">Religious aspects</subfield>
    <subfield code="x">Christianity.</subfield>
    <subfield code="9">16622</subfield>
  </datafield>
  <datafield tag="776" ind1="0" ind2="8">
    <subfield code="i">Online version:</subfield>
    <subfield code="a">Butterfield, Rosaria Champagne, 1962- author.</subfield>
    <subfield code="t">Gospel comes with a house key</subfield>
    <subfield code="d">Wheaton : Crossway, 2018</subfield>
    <subfield code="z">9781433557873</subfield>
    <subfield code="w">(DLC) 2018000815</subfield>
  </datafield>
  <datafield tag="906" ind1=" " ind2=" ">
    <subfield code="a">7</subfield>
    <subfield code="b">cbc</subfield>
    <subfield code="c">orignew</subfield>
    <subfield code="d">1</subfield>
    <subfield code="e">ecip</subfield>
    <subfield code="f">20</subfield>
    <subfield code="g">y-gencatlg</subfield>
  </datafield>
  <datafield tag="942" ind1=" " ind2=" ">
    <subfield code="2">ddc</subfield>
    <subfield code="c">BK</subfield>
  </datafield>
  <datafield tag="952" ind1=" " ind2=" ">
    <subfield code="0">0</subfield>
    <subfield code="1">0</subfield>
    <subfield code="2">ddc</subfield>
    <subfield code="4">0</subfield>
    <subfield code="7">0</subfield>
    <subfield code="a">GBC</subfield>
    <subfield code="b">GBC</subfield>
    <subfield code="c">TH</subfield>
    <subfield code="d">2023-03-14</subfield>
    <subfield code="l">1</subfield>
    <subfield code="o">241.671 BUT</subfield>
    <subfield code="p">016047</subfield>
    <subfield code="r">2026-03-18 18:50:30</subfield>
    <subfield code="s">2026-03-09</subfield>
    <subfield code="t">c.1</subfield>
    <subfield code="w">2023-03-14</subfield>
    <subfield code="y">BK</subfield>
  </datafield>
</record>
